Christophe Colomb vu par un marin / (Record no. 1379)
[ view plain ]
| 000 -CABECERA | |
|---|---|
| campo de control de longitud fija | 00651cam a2200181 a 4500 |
| 001 - NÚMERO DE CONTROL | |
| campo de control | 000001471 |
| 005 - FECHA Y HORA DE LA ÚLTIMA TRANSACCIÓN | |
| campo de control | 20240313182407.0 |
| 008 - DATOS DE LONGITUD FIJA--INFORMACIÓN GENERAL | |
| campo de control de longitud fija | 810930s1928 fr abch 001 0 fre |
| 040 ## - FUENTE DE LA CATALOGACIÓN | |
| Centro catalogador/agencia de origen | DO-SdBNP |
| Lengua de catalogación | spa |
| Centro/agencia transcriptor | BNPHU |
| 082 ## - NÚMERO DE LA CLASIFICACIÓN DECIMAL DEWEY | |
| Número de clasificación | 923.9 |
| Número de documento/Ítem | C719C |
| 100 1# - ENTRADA PRINCIPAL--NOMBRE DE PERSONA | |
| Nombre de persona | Charcot, Jean Baptiste Auguste Etienne, |
| Fechas asociadas al nombre | 1867-1936 |
| 9 (RLIN) | 4866 |
| 245 10 - MENCIÓN DE TÍTULO | |
| Título | Christophe Colomb vu par un marin / |
| Mención de responsabilidad, etc. | Jean Baptiste Auguste Etienne Charcot; préface de Paul Chack. |
| 260 ## - PUBLICACIÓN, DISTRIBUCIÓN, ETC. | |
| Lugar de publicación, distribución, etc. | Paris : |
| Nombre del editor, distribuidor, etc. | E. Flammarion, |
| Fecha de publicación, distribución, etc. | 1928. |
| 300 ## - DESCRIPCIÓN FÍSICA | |
| Extensión | 320 p. : |
| Otras características físicas | il. , maps. ; |
| Dimensiones | 24 cm. |
| 500 ## - NOTA GENERAL | |
| Nota general | En la cabeza del título: J. B. Charcot. |
| 600 #0 - PUNTO DE ACCESO ADICIONAL DE MATERIA--NOMBRE DE PERSONA | |
| Nombre de persona | COLÓN, CRISTOBAL, |
| Fechas asociadas al nombre | 1436-1456 |
| 9 (RLIN) | 19795 |
| 700 1# - PUNTO DE ACCESO ADICIONAL--NOMBRE DE PERSONA | |
| Nombre de persona | Chack,Paul, |
| 9 (RLIN) | 4867 |
| Estado de retiro | Estado de pérdida | Restricciones de uso | No para préstamo | Código de colección | Localización permanente | Ubicación/localización actual | Ubicación en estantería | Fecha de adquisición | Número de inventario | Total de préstamos | Signatura topográfica completa | Código de barras | Fecha visto por última vez | Precio válido a partir de | Tipo de ítem Koha |
|---|---|---|---|---|---|---|---|---|---|---|---|---|---|---|---|
| Préstamo interno | Monografías: Libros y Folletos | General | General | Depósito | 22.09.2009 | LF1 | 923.9 C719C | 1471-10 | 25.06.2020 | 25.06.2020 | Préstamo interno |
